| 000 | 00926nam a2200253Ia 4500 | ||
|---|---|---|---|
| 003 | OSt | ||
| 005 | 20220923211502.0 | ||
| 006 | a|||||r|||| 00| 0 | ||
| 007 | ta | ||
| 008 | 220922b |||||||| |||| 00| 0 pan d | ||
| 020 |
_a9789352044924 (hbk) _c295 |
||
| 024 | _a330,953 | ||
| 037 |
_b772, 27/02/2017, H.K. Prakashan _cTextual |
||
| 040 |
_aARTS _cARTS _bpan |
||
| 041 |
_2pan _apan |
||
| 082 | _aO153:g, Q6 | ||
| 100 |
_aਦਵੇFਵਰ, ਸੁਰਿੰਦਰ ਕੁਮਾਰ, ਂਚ. _9160603 |
||
| 245 | 0 | _aਪੰਜਾਬੀ ਸਾਹਿਤ ਤੇ ਸਹਿਤ ਆਲੋਚਨਾ | |
| 260 |
_aਚੰਡੀਗੜ _b ਯੂਨੀਸਟਾਰ _c2016 |
||
| 300 |
_a246ਪ0 _ccm. |
||
| 650 |
_aਪੰਜਾਾਬੀ ਸਾਹਿਤ _9156350 |
||
| 942 |
_hO153:g, Q6 _cTEXL _2CC |
||
| 999 |
_c300028 _d300028 |
||